000 00583nam a2200181Ia 4500
999 _c14938
_d14938
003 OSt
005 20201019094613.0
008 190216s9999||||xx |||||||||||||| ||und||
020 _a9780521798426
040 _coclc
082 _a305.51220954
_bBAY/C
100 _aBayly, Susan
_92884
245 4 _aCaste, Society and Politics In India From The Eighteenth Century to the Modern Age /
_cSusan Bayly
260 _bCambridge Uty Press,
_c2001.
_aNew York:
300 _a422p
650 _aEnglish
942 _cBK
_2ddc
_h305.51220954
_iBAY/C
_k305.51220954
_mBAY/C